000 01116nam1a22002651i 4500
001 rc\2244475
005 20240723120442.0
035 _a(NLR Aleph) 006651239
090 _a4796445
_c4796445
100 _a20110829d1979 |||y0rusy50 ca
101 0 _arus
102 _aRU
105 _ay c |||||
200 1 _aВорошиловский район [г. Москвы]
_eУказ. лит...
_fВорошил. РК КПСС. Отд. пропаганды и агитации, Гл. упр. культуры Исполкома Моссовета, Центр. гор. публ. б-ка им. Н.А. Некрасова. [Отд. краеведения]
210 _aМосква
_cБ. и.
_d1979
215 _d20
311 _aДоп. к пособию "Новая литература о Москве"
422 0 _12001#$aНовая литература о Москве
_tНовая литература о Москве
801 1 _aRU
_bELAR
_2rusmarc
801 0 _aRU
_bNLR
_gpsbo
852 _aNLR
_jС К-2/4
899 _aRuMoRGB
_jБ 75-39/1655
899 _aRuMoRGB
_jКБ
899 _aRuMoRGB
_jЦСБ
942 _cBOOK